Gringo viejo / (Registro nro. 879)
[ vista simple ]
| 000 -LEADER | |
|---|---|
| fixed length control field | 01705nam a22002297a 4500 |
| 003 - CONTROL NUMBER IDENTIFIER | |
| control field | AR-RoUNCS |
| 005 - DATE AND TIME OF LATEST TRANSACTION | |
| control field | 20260204150725.0 |
| 008 - FIXED-LENGTH DATA ELEMENTS--GENERAL INFORMATION | |
| fixed length control field | 100201s2008 ag gr 000 f spa |
| 015 ## - NATIONAL BIBLIOGRAPHY NUMBER | |
| National bibliography number | AR-2008 |
| 020 ## - INTERNATIONAL STANDARD BOOK NUMBER | |
| International Standard Book Number | 978-987-04-0988-5 |
| 040 ## - CATALOGING SOURCE | |
| Original cataloging agency | AR-BaBN |
| Language of cataloging | spa |
| Transcribing agency | AR-RoUNCS |
| Description conventions | aacr |
| 044 ## - COUNTRY OF PUBLISHING/PRODUCING ENTITY CODE | |
| MARC country code | ag |
| ISO country code | ar-c |
| 080 1# - UNIVERSAL DECIMAL CLASSIFICATION NUMBER | |
| Universal Decimal Classification number | 82-31(72) |
| Edition identifier | 2016 |
| 100 1# - MAIN ENTRY--PERSONAL NAME | |
| Personal name | Fuentes, Carlos, |
| Dates associated with a name | 1928-2012 |
| Relator term | autor |
| Relationship | aut |
| 245 10 - TITLE STATEMENT | |
| Title | Gringo viejo / |
| Statement of responsibility, etc. | Carlos Fuentes. |
| 260 ## - PUBLICATION, DISTRIBUTION, ETC. | |
| Place of publication, distribution, etc. | Buenos Aires : |
| Name of publisher, distributor, etc. | Alfaguara, |
| Date of publication, distribution, etc. | 2008. |
| 300 ## - PHYSICAL DESCRIPTION | |
| Extent | 229 p. ; |
| Dimensions | 24 cm. |
| 520 3# - SUMMARY, ETC. | |
| Summary, etc. | Esta obra nos transporta a uno de los momentos más convulsos pero también más fascinantes de la historia de México: los años de la Revolución. Allí fue a parar un personaje real, Ambrose Bierce, en el que está inspirado el protagonista de la novela.<br/><br/>Bierce, ex-militar, escritor y periodista, era ya un anciano cuando cruzó la frontera en el año 1913 para ir al encuentro del ejército de Pancho Villa. Jamás se volvió a saber nada más de él. A partir de este punto arranca la ficción, narrada de forma maravillosa por Carlos Fuentes.<br/><br/>El gringo viejo se encuentra con un país devastado por la pobreza y la violencia. La guerra ha destruido prácticamente todo. En la vieja hacienda de los Miranda (que han huido a Europa) se topa con los otros dos personajes principales de la historia: el general Arroyo, un brutal jefe revolucionario de personalidad compleja, y Harriet, una estadounidense contratada como profesora de inglés de los hijos de los Miranda, obstinada en permanecer allí y cumplir con su obligación aún a riesgo de perder la vida. |
| 650 #7 - SUBJECT ADDED ENTRY--TOPICAL TERM | |
| Source of heading or term | embne |
| Topical term or geographic name entry element | Literatura mexicana |
| 655 #7 - INDEX TERM--GENRE/FORM | |
| Genre/form data or focus term | Novelas históricas |
| Source of term | embne |
| 942 ## - ADDED ENTRY ELEMENTS (KOHA) | |
| Source of classification or shelving scheme | Universal Decimal Classification |
| Koha item type | Libro de préstamo a domicilio |
| Suppress in OPAC | No |
| Withdrawn status | Lost status | Source of classification or shelving scheme | Damaged status | Not for loan | Collection | Home library | Current library | Date acquired | Source of acquisition | Total checkouts | Full call number | Barcode | Date last seen | Price effective from | Koha item type |
|---|---|---|---|---|---|---|---|---|---|---|---|---|---|---|---|
| Universal Decimal Classification | Colección General | Biblioteca Escuela de Ciencias Sociales | Biblioteca Escuela de Ciencias Sociales | 04/02/2026 | Donación 2023 | 82-31(72) F954 | 000229 | 04/02/2026 | 04/02/2026 | Libro de préstamo a domicilio |